Monarcas Mexicanos - Estadísticas

Estadísticas generales
  • Esta prueba ha sido intentada 22 veces
  • La puntuación promedio es 15 de 22
Estadísticas de respuestas
Reinado Monarca Casa Real % Correcto
2018– Andrés I López–Obrador
95%
2006–2012 Felipe I Calderón
95%
2000–2006 Vicente I Fox
95%
1940–1946 Manuel I Ávila–Camacho
85%
1988–1994 Carlos I Salinas de Gortari
80%
2012–2018 Enrique I Peña–Nieto
80%
1934–1940 Lázaro I Cárdenas
75%
1920 Adolfo I De La Huerta
70%
1952–1958 Adolfo II Ruiz–Cortines
70%
1958–1964 Adolfo III López–Mateos
70%
1920–1924 Álvaro I Obregón
70%
1970–1976 Luis I Echeverría
70%
1946–1952 Miguel I Alemán–Valdés
70%
1982–1988 Miguel II De La Madrid
70%
1917–1920 Venustiano I Carranza
70%
1994–2000 Ernesto I Zedillo
65%
1976–1982 José I López–Portillo
65%
1924–1928 Plutarco I Calles
65%
1964–1970 Gustavo I Díaz–Ordaz
55%
1928–1930 Emilio I Portes-Gil
50%
1930–1932 Pascual I Ortiz–Rubio
45%
1932–1934 Abelardo I Rodríguez
30%
No se encontraron pruebas coincidentes
Distribución de puntuación
Porcentaje de gente con cada puntuación
Porcentaje por número respondido
Historial de tus puntuaciones
No has intentado esta prueba.